| 000 | 00921nam a2200229 a 4500 | ||
|---|---|---|---|
| 001 | 000043769 | ||
| 005 | 20201002044948.0 | ||
| 008 | 140428s20uu dr a 000 0 spa d | ||
| 040 |
_aDO-SdBNP _bspa _cBNPHU |
||
| 082 |
_a306.85 _bC744v |
||
| 245 | 0 | 0 |
_aConciliar vida familiar y laboral : _bconvenio núm. 156 de la OIT sobre trabajadores con responsabilidades familiares. |
| 246 | 1 | 4 | _aConvenio núm. 156 de la OIT sobre trabajadores con responsabilidades familiares |
| 260 |
_aSanto Domingo : _bMinisterio de la Mujer, _c[200?]. |
||
| 300 |
_a15 p. : _bil. ; _c21 cm. |
||
| 590 | _aInventariado,2018/DG | ||
| 650 | 4 |
_aDerecho de familia _xLegislación _949528 |
|
| 650 | 4 |
_aTrabajo y familia _xLegislación _971608 |
|
| 650 | 4 |
_aBienestar familiar _xLegislación _971609 |
|
| 650 | 4 |
_aPadres e hijos _9796 |
|
| 710 | 2 |
_aOrganización Internacional del Trabajo (OIT) _945128 |
|
| 910 | _aValidado. Control de calidad EMS | ||
| 999 |
_c43258 _d43258 |
||